| 000 | 00000nas 2200000za 4500 |
| 001 | 9.817959 |
| 003 | CaOODSP |
| 005 | 20221107142612 |
| 007 | cr ||||||||||| |
| 008 | 160518d19581976oncar p oss f000#b0fre|d |
| 040 | |aCaOODSP|bfre |
| 041 | |aeng|afre |
| 043 | |an-cn--- |
| 086 | 1 |aCS53-201-PDF |
| 245 | 00|aRoad and street mileage and expenditure |h[ressource électronique] = |bVoies publiques : longueur et dépenses. |
| 246 | 11|aVoies publiques : longueur et dépenses |
| 246 | 13|aRoad and street length and financing |f1974-1976 |
| 246 | 13|aVoies publiques : |blongueur et financement |f1974-1976 |
| 260 | |aOttawa : |bDominion Bureau of Statistics, Public Finance and Transportation Division, Transportation Section = Bureau fédéral de la statistique, Division des finances publiques et des transports, Section des transports, |c1960-1979. |
| 310 | |aAnnuel |
| 362 | 0 |a1958-1976. |
| 500 | |aÉdition numérisée de l’imprimé [par Statistique Canada]. |
| 500 | |aTitre de la couverture. |
| 500 | |aLes livr. pour 1974-1976 ont comme titre : Road and street length and financing. |
| 546 | |aTexte en anglais seulement, 1958-1968; Texte en anglais et en français, 1969-1976. |
| 550 | |aPublié 1964-1966 par la Section des transports et des services d'utilité publique; 1967-1969 par la Section des transports; 1970-1971 par Statistique Canada, Division des transports et des communications, Section des transports; 1972-1976 par la Section des transports de surface. |
| 692 | 07|2gccst|aTransport routier |
| 692 | 07|2gccst|aRéseau routier |
| 692 | 07|2gccst|aDépenses |
| 710 | 1 |aCanada.|bBureau fédéral de la statistique.|bSection des transports. |
| 710 | 1 |aCanada.|bBureau fédéral de la statistique.|bSection des transports et des services d'utilité publique. |
| 710 | 2 |aStatistique Canada.|bSection des transports. |
| 710 | 2 |aStatistique Canada.|bSection des transports de surface. |
| 791 | |tRoad and street mileage and expenditure |eeng|w(CaOODSP)9.817946 |